000 00539nam a2200217Ia 4500
001 11991
003 GE_BSU
008 181216s||||||||xx |||||||||||||| ||und||
020 _a0213167563
040 _cGE_BSU
080 _a821.111-32
100 _aFleischer,Leonore
245 4 _aThe rose
245 2 _bA novel based on the original screnplay by Bo Goldman,Michael Cimino and William Kerby.
260 _aLondon
260 _bBook Club Associates.
260 _c1980.
300 _a247p;24cm.
653 _aThe rose
942 _cBK
999 _c45168
_d45168